[Event "GER-ch Net blitz qual4"]
[Site "Playchess.com INT"]
[Date "2021.05.10"]
[Round "8"]
[White "Milonas, Hrisovalantis A"]
[Black "Domroese, Michael"]
[Result "0-1"]
[WhiteElo "1680"]
[BlackElo "1531"]
[PlyCount "60"]
[EventDate "2021.05.10"]
[EventType "swiss (blitz)"]
[EventRounds "11"]
[EventCountry "GER"]
[SourceTitle "CBM 202 Extra"]
[Source "ChessBase"]
[SourceDate "2021.07.31"]
[SourceVersion "1"]
[SourceVersionDate "2021.07.31"]
[SourceQuality "1"]

1. e4 d5 2. exd5 Nf6 3. Nc3 Bg4 4. Be2 Bxe2 5. Qxe2 Nxd5 6. Nf3 Nxc3 7. bxc3 Nc6 8. 0-0 e6 9. Re1 Be7 10. d4 0-0 11. Bf4 Bd6 12. Bxd6 cxd6 13. Rab1 Rb8 14. Rb5 d5 15. c4 a6 16. Rc5 Qf6 17. c3 dxc4 18. Qxc4 h6 19. Nd2 b5 20. Qd3 Ne7 21. Rc7 Nd5 22. Ra7 Ra8 23. Rxa8 Rxa8 24. Ne4 Qg6 25. Qf3 Rc8 26. h3 Rc4 27. Rc1 Ra4 28. Rc2 Ra3 29. Qe2 Nf4 30. Qe3 Qxg2# 0-1

[Event "GER-ch Net blitz qual3"]
[Site "Playchess.com INT"]
[Date "2021.05.07"]
[Round "9"]
[White "Gley, Reinhard"]
[Black "Milonas, Hrisovalantis A"]
[Result "0-1"]
[WhiteElo "1800"]
[BlackElo "1620"]
[PlyCount "72"]
[EventDate "2021.05.07"]
[EventType "swiss (blitz)"]
[EventRounds "11"]
[EventCountry "GER"]
[SourceTitle "CBM 202 Extra"]
[Source "ChessBase"]
[SourceDate "2021.07.31"]
[SourceVersion "1"]
[SourceVersionDate "2021.07.31"]
[SourceQuality "1"]

1. Nf3 Nf6 2. d4 d5 3. c4 c6 4. Nc3 e6 5. Bg5 Nbd7 6. e3 Bd6 7. c5 Bc7 8. b4 a6 9. Bd3 0-0 10. 0-0 Re8 11. e4 dxe4 12. Nxe4 e5 13. Nxf6+ Nxf6 14. dxe5 Bxe5 15. Nxe5 Bh3 16. Bxf6 gxf6 17. Nf3 Bg4 18. Be2 Qc7 19. h3 Bh5 20. Re1 Rad8 21. Qb3 Qf4 22. g3 Qf5 23. Nh4 Qe5 24. Bxh5 Qxh5 25. Re3 Re5 26. Rae1 Rg5 27. Re8+ Rxe8 28. Rxe8+ Kg7 29. Re7 Rd5 30. Qf3 Qg5 31. Rxb7 f5 32. Kg2 f4 33. Qxf4 Qh5 34. Rc7 Rg5 35. Rxc6 h6 36. Qf6+ Kh7 0-1

[Event "Dortmund Sparkassen op-B 47th"]
[Site "Dortmund"]
[Date "2019.07.21"]
[Round "9"]
[White "Milonas, Hrisovalantis A"]
[Black "Payes Kanders, Valentin"]
[Result "1-0"]
[WhiteElo "1757"]
[BlackElo "1529"]
[PlyCount "67"]
[EventDate "2019.07.13"]
[EventType "swiss"]
[EventRounds "9"]
[EventCountry "GER"]
[SourceTitle "CBM 192 Extra"]
[Source "Chessbase"]
[SourceDate "2019.11.06"]
[SourceVersion "1"]
[SourceVersionDate "2019.11.06"]
[SourceQuality "1"]

1. c4 Nf6 2. g3 e6 3. Bg2 d5 4. Nf3 c5 5. cxd5 Nxd5 6. Nc3 Nc6 7. 0-0 g6 8. Nxd5 exd5 9. d4 Bg7 10. dxc5 Bf5 11. Qb3 Qd7 12. Rd1 d4 13. Ng5 0-0 14. Bf4 Rfe8 15. Bd5 Nd8 16. e4 Bg4 17. f3 Be6 18. Nxe6 Nxe6 19. Qxb7 Qa4 20. Bc6 Qc2 21. Bxe8 Rxe8 22. Rd2 Qxc5 23. Qd5 Qxd5 24. exd5 Nxf4 25. gxf4 Rd8 26. Rc1 Rxd5 27. Rc8+ Bf8 28. Kf2 Kg7 29. Rc4 Rb5 30. Ke2 Bc5 31. a4 Ra5 32. b4 Rxa4 33. Rxc5 Rxb4 34. Ra5 1-0

[Event "Dortmund Sparkassen op-B 47th"]
[Site "Dortmund"]
[Date "2019.07.20"]
[Round "8"]
[White "Mischke, Eckhard"]
[Black "Milonas, Hrisovalantis A"]
[Result "0-1"]
[WhiteElo "1795"]
[BlackElo "1757"]
[PlyCount "74"]
[EventDate "2019.07.13"]
[EventType "swiss"]
[EventRounds "9"]
[EventCountry "GER"]
[SourceTitle "CBM 192 Extra"]
[Source "Chessbase"]
[SourceDate "2019.11.06"]
[SourceVersion "1"]
[SourceVersionDate "2019.11.06"]
[SourceQuality "1"]

1. c4 Nf6 2. Nf3 e6 3. e3 d5 4. b3 c5 5. Bb2 Nc6 6. Be2 d4 7. d3 Be7 8. Nbd2 0-0 9. e4 e5 10. h3 Ne8 11. g4 Nc7 12. Nf1 Ne6 13. Ng3 Nf4 14. Bc1 Ng2+ 15. Kf1 Nh4 16. Nf5 Bxf5 17. exf5 e4 18. dxe4 d3 19. Bxd3 Nxf3 20. Bb2 Nfe5 21. Bc2 Qxd1+ 22. Rxd1 Rfd8 23. Rd5 Rxd5 24. cxd5 Nd4 25. Bb1 Nef3 26. Kg2 Bd6 27. Rc1 f6 28. Rc3 Nh4+ 29. Kf1 a5 30. a4 Ndf3 31. Ke2 Be5 32. Rc2 Bxb2 33. Rxb2 Nd4+ 34. Ke3 Ng2+ 35. Kd3 Nf4+ 36. Kc4 b6 37. h4 Kf7 0-1

[Event "Dortmund Sparkassen op-B"]
[Site "Dortmund"]
[Date "2015.07.03"]
[Round "7"]
[White "Milonas, Hrisovalantis A"]
[Black "Lueckerath, Moritz"]
[Result "0-1"]
[WhiteElo "1571"]
[BlackElo "1823"]
[PlyCount "100"]
[EventDate "2015.06.27"]
[EventType "swiss"]
[EventRounds "9"]
[EventCountry "GER"]
[SourceTitle "CBM 167 Extra"]
[Source "ChessBase"]
[SourceDate "2015.09.14"]
[SourceVersion "1"]
[SourceVersionDate "2015.09.14"]
[SourceQuality "1"]

1. e4 c5 2. Nf3 d6 3. Nc3 Nf6 4. Bc4 a6 5. e5 dxe5 6. Nxe5 e6 7. a4 Bd6 8. Qe2 Qc7 9. f4 0-0 10. 0-0 Nbd7 11. Nxf7 Rxf7 12. Qxe6 Ne5 13. Nd5 Bxe6 14. Nxc7 Rxc7 15. Bxe6+ Nf7 16. d3 Re8 17. f5 Kf8 18. Bf4 Bxf4 19. Rxf4 Nd8 20. Bb3 Nc6 21. c3 Re2 22. Rf2 Rce7 23. Be6 Rxf2 24. Kxf2 Nd8 25. Re1 Nxe6 26. fxe6 Ne8 27. Re5 Rc7 28. Ke3 Ke7 29. d4 cxd4+ 30. Kxd4 Rc6 31. c4 Rxe6 32. c5 Rxe5 33. Kxe5 a5 34. g4 Kd7 35. g5 Nc7 36. h4 Ne6 37. Kd5 g6 38. Ke5 Ke7 39. Kd5 Nf4+ 40. Kc4 Ng2 41. Kb5 Kd7 42. Kxa5 Kc7 43. Kb5 Nxh4 44. a5 Nf3 45. a6 bxa6+ 46. Kxa6 Nxg5 47. b4 Ne6 48. Kb5 h5 49. Kc4 h4 50. b5 Nxc5 0-1

[Event "Dortmund Sparkassen op-B"]
[Site "Dortmund"]
[Date "2015.06.30"]
[Round "4"]
[White "Wichtrup, Jan Louis"]
[Black "Milonas, Hrisovalantis A"]
[Result "1/2-1/2"]
[WhiteElo "1736"]
[BlackElo "1571"]
[PlyCount "73"]
[EventDate "2015.06.27"]
[EventType "swiss"]
[EventRounds "9"]
[EventCountry "GER"]
[SourceTitle "CBM 167 Extra"]
[Source "ChessBase"]
[SourceDate "2015.09.14"]
[SourceVersion "1"]
[SourceVersionDate "2015.09.14"]
[SourceQuality "1"]

1. d4 Nf6 2. Nf3 d5 3. c4 e6 4. Nc3 c5 5. cxd5 cxd4 6. Qxd4 exd5 7. e4 Nc6 8. Bb5 a6 9. Bxc6+ bxc6 10. Bg5 Be7 11. exd5 cxd5 12. 0-0 0-0 13. Rfe1 Be6 14. Rac1 h6 15. Bh4 Rb8 16. b3 Qa5 17. Na4 Rfc8 18. Ne5 Ba3 19. Rxc8+ Rxc8 20. Nd3 Ne4 21. f3 Nc3 22. Nxc3 Qxc3 23. Qxc3 Rxc3 24. Nf4 d4 25. Nxe6 fxe6 26. Kf1 Kf7 27. Bf2 d3 28. Rd1 e5 29. Be1 Rc2 30. Rxd3 Rxa2 31. Rd7+ Kf8 32. Ra7 Bc5 33. Ra8+ Kf7 34. b4 Bd4 35. b5 Ra1 36. Rxa6 Rb1 37. Ke2 1/2-1/2

[Event "Lippe Cup-B 08th"]
[Site "Lieme"]
[Date "2011.10.29"]
[Round "2"]
[White "Milonas, Hrisovalantis A"]
[Black "Kopp, Daniel"]
[Result "0-1"]
[WhiteElo "1455"]
[BlackElo "1694"]
[PlyCount "76"]
[EventDate "2011.10.28"]
[EventType "swiss"]
[EventRounds "5"]
[EventCountry "GER"]
[SourceTitle "EXT 2012"]
[Source "ChessBase"]
[SourceDate "2011.11.24"]
[SourceVersion "1"]
[SourceVersionDate "2011.11.24"]
[SourceQuality "1"]

1. e4 e5 2. Nf3 Nc6 3. Bb5 a6 4. Ba4 Nf6 5. 0-0 b5 6. Bb3 Be7 7. Re1 d6 8. h3 Na5 9. c3 Nxb3 10. axb3 Bb7 11. d3 0-0 12. Nbd2 Nd7 13. Nf1 f5 14. Ng3 fxe4 15. dxe4 Nf6 16. Bg5 Qe8 17. Qc1 Qf7 18. Nf5 Kh8 19. Nxg7 Qxg7 20. Bh6 Qg8 21. Bxf8 Rxf8 22. Nd2 Nh5 23. Qd1 Nf4 24. Qg4 Qf7 25. Qf3 Bc8 26. Kh2 Qg6 27. Qg3 Qh6 28. Qe3 Rg8 29. Rg1 Bg5 30. Qf3 Nxh3 31. Qd1 Nxf2+ 32. Kg3 Qg6 33. Kh2 Nxd1 34. Raxd1 Rf8 35. g3 Bf4 36. Nf1 Bb7 37. Rd5 Bxd5 38. exd5 Bc1 0-1

[Event "Enger Knappen Cup op-B"]
[Site "Enger"]
[Date "2009.12.29"]
[Round "5"]
[White "Milonas, Hrisovalantis A"]
[Black "Detert, Heinz"]
[Result "0-1"]
[WhiteElo "1511"]
[BlackElo "2021"]
[PlyCount "64"]
[EventDate "2009.12.27"]
[EventType "swiss"]
[EventRounds "7"]
[EventCountry "GER"]
[SourceTitle "EXT 2011"]
[Source "ChessBase"]
[SourceDate "2010.11.26"]
[SourceVersion "1"]
[SourceVersionDate "2010.11.26"]
[SourceQuality "1"]

1. e4 c5 2. Nf3 d6 3. d4 cxd4 4. Nxd4 Nf6 5. Nc3 g6 6. Bd3 Bg7 7. Be3 0-0 8. h3 Nc6 9. Nde2 d5 10. exd5 Nxd5 11. Nxd5 Qxd5 12. 0-0 Bxb2 13. Nf4 Qa5 14. Rb1 Bg7 15. Bc4 Rd8 16. Qe2 e6 17. h4 b6 18. Rb5 Qc3 19. h5 Ne5 20. Bd3 Nxd3 21. Rd1 Ba6 22. Rb3 Nxf4 23. Rxd8+ Rxd8 24. Qxa6 Qe1+ 25. Kh2 Ne2 26. Rb1 Qxb1 27. Qxe2 Qxa2 28. h6 Bf8 29. Bg5 Rc8 30. Qe5 Qd5 31. Qe3 Rc5 32. Bf6 Qh5+ 0-1

[Event "Enger Knappen Cup op-B"]
[Site "Enger"]
[Date "2009.12.27"]
[Round "1"]
[White "Hasenberg, Udo"]
[Black "Milonas, Hrisovalantis A"]
[Result "1-0"]
[WhiteElo "1782"]
[BlackElo "1511"]
[PlyCount "49"]
[EventDate "2009.12.27"]
[EventType "swiss"]
[EventRounds "7"]
[EventCountry "GER"]
[SourceTitle "EXT 2011"]
[Source "ChessBase"]
[SourceDate "2010.11.26"]
[SourceVersion "1"]
[SourceVersionDate "2010.11.26"]
[SourceQuality "1"]

1. e4 c5 2. Nf3 d6 3. d4 cxd4 4. Nxd4 Nf6 5. Nc3 a6 6. Be2 e6 7. 0-0 Be7 8. Be3 0-0 9. f4 Qc7 10. Rc1 Rd8 11. Qe1 Nc6 12. Qg3 e5 13. fxe5 Nxe5 14. Rxf6 Bxf6 15. Nd5 Bh4 16. Qxh4 Qa5 17. Bd2 Ng6 18. Qg5 f6 19. Nxf6+ gxf6 20. Qxa5 Bd7 21. Qd5+ Kh8 22. Qf7 Bc6 23. Nxc6 bxc6 24. Bh6 Rd7 25. Bg7# 1-0